000
00313nam a2200121Ia 4500
008
190216s9999||||xx |||||||||||||| ||und||
100
_a
Robert W Hutchinson
245
0
_a
Advanced Text Book Of Electricity And Magnetism
260
_b
Scientific Book Co
_c
1950
300
_a
511p
650
_a
Physics
942
_c
BK
999
_c
32735
_d
32735